[Event "ESP-ch rapid"]
[Site "Linares"]
[Date "2019.08.24"]
[Round "1"]
[White "Herranz Sanchez, Pablo"]
[Black "Moreno Trujillo, Alejandro"]
[Result "1/2-1/2"]
[WhiteElo "2026"]
[BlackElo "2519"]
[PlyCount "91"]
[EventDate "2019.08.24"]
[EventType "swiss (rapid)"]
[EventRounds "9"]
[EventCountry "ESP"]
[SourceTitle "EXT 2020"]
[Source "ChessBase"]
[SourceDate "2019.10.17"]
[SourceVersion "1"]
[SourceVersionDate "2019.10.17"]
[SourceQuality "1"]

1. e4 e6 2. d4 d5 3. exd5 exd5 4. Bd3 Nc6 5. c3 Bd6 6. Qf3 Be6 7. Be3 Nf6 8. h3 Qd7 9. Nd2 0-0-0 10. Ne2 Ne7 11. Nf4 Bf5 12. Bxf5 Nxf5 13. g3 Rhe8 14. 0-0-0 c6 15. Rde1 Nxe3 16. Rxe3 Rxe3 17. Qxe3 Re8 18. Qf3 Ne4 19. Nxe4 dxe4 20. Qe3 Re7 21. Re1 Bxf4 22. Qxf4 Qxh3 23. Qg5 Qe6 24. Qxg7 Qxa2 25. Qg4+ Qe6 26. Rxe4 Qxg4 27. Rxg4 Kd7 28. Kd2 b5 29. Rg8 a5 30. Rh8 f6 31. Rf8 Ke6 32. Kd3 Kf5 33. Rd8 Kg4 34. Rd6 f5 35. Rxc6 f4 36. gxf4 h5 37. f5 Kxf5 38. Rc5+ Kg6 39. Rxb5 h4 40. Rxa5 Re1 41. Ra8 Kg7 42. Ra7+ Kg6 43. Ra8 Kg7 44. Ra5 Kg6 45. Ra6+ Kg7 46. Ra7+ 1/2-1/2

[Event "Madrid-ch sf-B"]
[Site "Madrid"]
[Date "2015.03.27"]
[Round "8"]
[White "Herranz Sanchez, Pablo"]
[Black "Morona Minguez, Miguel"]
[Result "1/2-1/2"]
[WhiteElo "1899"]
[BlackElo "1818"]
[PlyCount "32"]
[EventDate "2015.03.05"]
[EventType "swiss"]
[EventRounds "9"]
[EventCountry "ESP"]
[SourceTitle "CBM 165 Extra"]
[Source "ChessBase"]
[SourceDate "2015.04.21"]
[SourceVersion "1"]
[SourceVersionDate "2015.04.21"]
[SourceQuality "1"]

1. e4 e5 2. Nf3 Nc6 3. d4 exd4 4. Nxd4 Bc5 5. Be3 Qf6 6. c3 Nge7 7. g3 b6 8. Bg2 Bb7 9. 0-0 0-0-0 10. a3 d5 11. Qg4+ Kb8 12. Nxc6+ Bxc6 13. Bxc5 bxc5 14. exd5 Bxd5 15. Rd1 Bxg2 16. Kxg2 Qf5 1/2-1/2

[Event "Madrid-ch sf-B"]
[Site "Madrid"]
[Date "2015.03.20"]
[Round "6"]
[White "Herranz Sanchez, Pablo"]
[Black "Perez de Aranda, Leonardo Ivan"]
[Result "0-1"]
[WhiteElo "1899"]
[BlackElo "2094"]
[PlyCount "140"]
[EventDate "2015.03.05"]
[EventType "swiss"]
[EventRounds "9"]
[EventCountry "ESP"]
[SourceTitle "CBM 165 Extra"]
[Source "ChessBase"]
[SourceDate "2015.04.21"]
[SourceVersion "1"]
[SourceVersionDate "2015.04.21"]
[SourceQuality "1"]

1. e4 d6 2. d4 Nf6 3. Nc3 e5 4. dxe5 dxe5 5. Qxd8+ Kxd8 6. Bg5 Be6 7. Nf3 Bd6 8. 0-0-0 Kc8 9. Bxf6 gxf6 10. Bd3 Rg8 11. Rhg1 Bc5 12. Rd2 c6 13. Nh4 Nd7 14. Nf5 Kc7 15. Kb1 a5 16. Na4 Bb4 17. c3 Bf8 18. b3 b5 19. Nb2 Nc5 20. Bc2 a4 21. b4 a3 22. Nd1 Na4 23. Bb3 c5 24. Nfe3 cxb4 25. cxb4 Bxb4 26. Nd5+ Bxd5 27. Rxd5 Nc5 28. Bc2 Ne6 29. Ne3 Bc5 30. Bd3 Rad8 31. Rc1 Kb6 32. Rc3 Rxd5 33. Nxd5+ Ka5 34. g3 b4 35. Rc4 Rb8 36. Bc2 Bxf2 37. Nxf6 Nc5 38. Bb3 Nxb3 39. axb3 Bd4 40. Nd5 Rb5 41. Rc8 Rb7 42. Rc4 Bc3 43. Rc5+ Rb5 44. Rc7 Rb8 45. Ka2 Be1 46. Rxf7 h5 47. Rf5 Rc8 48. Rxh5 Rc2+ 49. Ka1 Bf2 50. Rh8 Bd4+ 51. Kb1 Rb2+ 52. Kc1 a2 53. Ra8+ Kb5 54. Rb8+ Kc5 55. Rc8+ Kd6 56. Rd8+ Ke6 57. Re8+ Kf7 58. Re7+ Kf8 59. Ra7 Rxh2 60. Ra8+ Kf7 61. Nxb4 a1Q+ 62. Rxa1 Bxa1 63. Nc6 Re2 64. b4 Rxe4 65. b5 Bd4 66. Kc2 Ke6 67. Kd3 Re3+ 68. Kc4 Rxg3 69. Nxd4+ exd4 70. Kxd4 Kd6 0-1

[Event "Madrid-ch sf-B"]
[Site "Madrid"]
[Date "2015.03.05"]
[Round "1"]
[White "Herranz Sanchez, Pablo"]
[Black "Hinojar Diez, David"]
[Result "0-1"]
[WhiteElo "1899"]
[BlackElo "2164"]
[PlyCount "96"]
[EventDate "2015.03.05"]
[EventType "swiss"]
[EventRounds "9"]
[EventCountry "ESP"]
[SourceTitle "CBM 165 Extra"]
[Source "ChessBase"]
[SourceDate "2015.04.21"]
[SourceVersion "1"]
[SourceVersionDate "2015.04.21"]
[SourceQuality "1"]

1. e4 c5 2. Nf3 d6 3. d4 cxd4 4. Nxd4 Nf6 5. Nc3 a6 6. a4 b6 7. Bg5 e6 8. Be2 Be7 9. f4 Bb7 10. Bf3 Qc7 11. 0-0 Nbd7 12. Nb3 0-0 13. e5 dxe5 14. Bxb7 Qxb7 15. fxe5 Nxe5 16. Bxf6 Bxf6 17. Rxf6 gxf6 18. Qe1 Kh8 19. Ne4 Rg8 20. Nbd2 Rad8 21. Ng3 Qd5 22. Nde4 Ng4 23. h3 f5 24. hxg4 fxe4 25. Qxe4 Qxe4 26. Nxe4 Rxg4 27. Nf2 Rc4 28. c3 Rd2 29. b3 Rf4 30. Nh3 Re4 31. Rf1 f5 32. Rf3 Rg4 33. Nf2 Rg6 34. Kf1 Kg7 35. g3 Rh6 36. Kg2 Kf6 37. Kg1 Ke7 38. Re3 Kd6 39. Rf3 Rg6 40. Kf1 a5 41. Re3 Rb2 42. c4 Rb1+ 43. Ke2 e5 44. Rd3+ Kc6 45. Nd1 Rh6 46. Ke3 Rh3 47. Kd2 Rh1 48. Kc2 Rhxd1 0-1

[Event "Madrid-ch U18 1415"]
[Site "Madrid"]
[Date "2015.01.03"]
[Round "6"]
[White "Herranz Sanchez, Pablo"]
[Black "Alfaya Marcelo, Roberto"]
[Result "1/2-1/2"]
[WhiteElo "1881"]
[BlackElo "1995"]
[PlyCount "75"]
[EventDate "2014.12.26"]
[EventType "swiss"]
[EventRounds "7"]
[EventCountry "ESP"]
[SourceTitle "EXT 2018"]
[Source "ChessBase"]
[SourceDate "2017.10.13"]
[SourceVersion "1"]
[SourceVersionDate "2017.10.13"]
[SourceQuality "1"]

1. e4 c5 2. Nf3 d6 3. d4 cxd4 4. Nxd4 Nf6 5. Nc3 a6 6. a4 e6 7. Be2 Be7 8. Be3 0-0 9. 0-0 Nc6 10. Kh1 Qc7 11. f4 Re8 12. Bf3 Rb8 13. Qd2 Bd7 14. Rad1 Nxd4 15. Bxd4 e5 16. Be3 Bc6 17. Nd5 Bxd5 18. exd5 e4 19. Be2 Nd7 20. a5 Bf6 21. c4 b6 22. axb6 Nxb6 23. b3 Nd7 24. b4 a5 25. b5 Nc5 26. Bxc5 Qxc5 27. Qxa5 Ra8 28. Qd2 Ra3 29. Rb1 Qb6 30. Qc2 Bd4 31. Rb3 Ra5 32. f5 e3 33. Qd3 Ra2 34. Qd1 Rea8 35. Bd3 Ra1 36. Rb1 Rxb1 37. Bxb1 Ra1 38. Qd3 1/2-1/2

[Event "Madrid-ch U18 1415"]
[Site "Madrid"]
[Date "2015.01.02"]
[Round "5"]
[White "Herranz Sanchez, Pablo"]
[Black "Vega De Alba, Miguel"]
[Result "1-0"]
[WhiteElo "1881"]
[BlackElo "1606"]
[PlyCount "51"]
[EventDate "2014.12.26"]
[EventType "swiss"]
[EventRounds "7"]
[EventCountry "ESP"]
[SourceTitle "EXT 2018"]
[Source "ChessBase"]
[SourceDate "2017.10.13"]
[SourceVersion "1"]
[SourceVersionDate "2017.10.13"]
[SourceQuality "1"]

1. e4 c6 2. d4 d5 3. e5 Bf5 4. h4 h5 5. Bg5 Qb6 6. Bd3 Bxd3 7. Qxd3 Qxb2 8. Nf3 Qxa1 9. Qb3 Na6 10. 0-0 b5 11. Nbd2 Qxf1+ 12. Nxf1 e6 13. a4 b4 14. Ne3 Rb8 15. c4 bxc3 16. Qxc3 Kd7 17. Nc2 Nb4 18. Nd2 Nxc2 19. Qxc2 Nh6 20. Nb3 Bb4 21. Nc5+ Ke8 22. Na6 Rb6 23. Nxb4 Kd7 24. Qc5 Nf5 25. a5 Rbb8 26. Qxc6# 1-0

[Event "San Sebastian de los Reyes op 14th"]
[Site "San Sebastian"]
[Date "2012.12.06"]
[Round "6"]
[White "Alvarez Gonzalez, Eduardo"]
[Black "Herranz Sanchez, Pablo"]
[Result "0-1"]
[WhiteElo "1783"]
[BlackElo "1706"]
[PlyCount "92"]
[EventDate "2012.12.01"]
[EventType "swiss"]
[EventRounds "9"]
[EventCountry "ESP"]
[SourceTitle "CBM 151 Extra"]
[Source "ChessBase"]
[SourceDate "2012.12.18"]
[SourceVersion "1"]
[SourceVersionDate "2012.12.18"]
[SourceQuality "1"]

1. d4 d5 2. c4 e6 3. Nc3 Nf6 4. Bg5 c6 5. e3 Nbd7 6. Nf3 Qa5 7. Nd2 dxc4 8. Bxf6 Nxf6 9. Nxc4 Qc7 10. g3 Be7 11. Bg2 0-0 12. 0-0 Nd5 13. Rc1 Rd8 14. Qb3 a5 15. Nxd5 exd5 16. Nb6 Ra6 17. Nxd5 Qd6 18. Nxe7+ Qxe7 19. a3 Be6 20. Qc2 Rb6 21. Rfe1 Qf6 22. Re2 Bb3 23. Qd2 Rb5 24. Qd3 Be6 25. Rc3 a4 26. Rec2 Bb3 27. Rd2 Rh5 28. Qe2 Rb5 29. Bf1 Rbd5 30. Bg2 Rb5 31. Qf1 Rh5 32. h4 Rb5 33. Qc1 g5 34. hxg5 Qxg5 35. Rc5 Rxc5 36. dxc5 Rxd2 37. Qxd2 Qxc5 38. Qd8+ Kg7 39. Qd2 Qe5 40. Kf1 Qb5+ 41. Ke1 Qh5 42. Qd4+ Kg8 43. Be4 Qa5+ 44. Ke2 Qb5+ 45. Bd3 Qh5+ 46. Kd2 Qd1+ 0-1

[Event "Tres Cantos op 4th"]
[Site "Tres Cantos"]
[Date "2012.06.22"]
[Round "2"]
[White "Herranz Sanchez, Pablo"]
[Black "Munoz Blazquez, Jose"]
[Result "1-0"]
[WhiteElo "1724"]
[BlackElo "1410"]
[PlyCount "99"]
[EventDate "2012.06.21"]
[EventType "swiss"]
[EventRounds "9"]
[EventCountry "ESP"]
[SourceTitle "CBM 149 Extra"]
[Source "ChessBase"]
[SourceDate "2012.08.24"]
[SourceVersion "1"]
[SourceVersionDate "2012.08.24"]
[SourceQuality "1"]

1. e4 e5 2. Nf3 Nf6 3. Nxe5 d6 4. Nf3 Nxe4 5. Nc3 Nxc3 6. dxc3 Be7 7. Be2 0-0 8. 0-0 b6 9. Be3 Bb7 10. Nd4 Bg5 11. Bxg5 Qxg5 12. Bf3 d5 13. Ne2 c6 14. Ng3 Nd7 15. Be2 Nf6 16. f4 Qg6 17. Bd3 Qg4 18. Nf5 Qxd1 19. Raxd1 Rad8 20. Rfe1 Rde8 21. Nd6 Rxe1+ 22. Rxe1 Ba8 23. Re7 a5 24. Ra7 h6 25. b4 c5 26. bxc5 bxc5 27. Rxa5 c4 28. Be2 Ne4 29. Nxe4 dxe4 30. Bxc4 Kh8 31. Kf2 f6 32. Ke3 g5 33. Bd5 Bxd5 34. Rxd5 f5 35. g3 Kg7 36. c4 Ra8 37. Rxf5 gxf4+ 38. Rxf4 Rxa2 39. Rxe4 Rxc2 40. h4 Rc3+ 41. Kf4 Kf6 42. g4 Rc1 43. Ke3 Kf7 44. Kd4 Kf6 45. Kd5 Rh1 46. h5 Rg1 47. c5 Kg5 48. c6 Rd1+ 49. Rd4 Rc1 50. Kd6 1-0

[Event "Tres Cantos op 4th"]
[Site "Tres Cantos"]
[Date "2012.06.21"]
[Round "1"]
[White "Rodrigo Yanguas, Maria"]
[Black "Herranz Sanchez, Pablo"]
[Result "1-0"]
[WhiteElo "2198"]
[BlackElo "1724"]
[PlyCount "71"]
[EventDate "2012.06.21"]
[EventType "swiss"]
[EventRounds "9"]
[EventCountry "ESP"]
[SourceTitle "CBM 149 Extra"]
[Source "ChessBase"]
[SourceDate "2012.08.24"]
[SourceVersion "1"]
[SourceVersionDate "2012.08.24"]
[SourceQuality "1"]

1. e4 c5 2. Nf3 e6 3. d4 cxd4 4. Nxd4 Nc6 5. Nc3 Nf6 6. Nxc6 bxc6 7. e5 Nd5 8. Nxd5 cxd5 9. Bd3 Be7 10. Qg4 g6 11. Bh6 Qc7 12. Qg3 Rb8 13. 0-0 Rxb2 14. a4 Rb8 15. Kh1 Bf8 16. Bxf8 Kxf8 17. f4 Kg7 18. f5 exf5 19. Rxf5 Rf8 20. Raf1 Qd8 21. R5f3 Rb6 22. c4 Bb7 23. c5 Rb4 24. a5 Qe7 25. a6 Bc6 26. Qf2 Bb5 27. Re1 Bxd3 28. Rxd3 Ra4 29. Rxd5 Rxa6 30. Red1 Rd8 31. h3 Rc6 32. Qd4 Rc7 33. e6+ Qf6 34. Rxd7 Qxd4 35. R1xd4 Rdc8 36. e7 1-0

[Event "Madrid-ch sf-B"]
[Site "Madrid"]
[Date "2012.04.19"]
[Round "8"]
[White "Munoz Cebey, Ricardo"]
[Black "Herranz Sanchez, Pablo"]
[Result "1/2-1/2"]
[WhiteElo "2061"]
[BlackElo "1661"]
[PlyCount "46"]
[EventDate "2012.03.22"]
[EventType "swiss"]
[EventRounds "9"]
[EventCountry "ESP"]
[SourceTitle "EXT 2013"]
[Source "ChessBase"]
[SourceDate "2012.11.22"]
[SourceVersion "1"]
[SourceVersionDate "2012.11.22"]
[SourceQuality "1"]

1. e4 c5 2. Nc3 Nc6 3. g3 e6 4. Bg2 g6 5. d3 Bg7 6. Be3 d6 7. Qd2 a6 8. f4 Nge7 9. Nf3 Qc7 10. 0-0 0-0 11. Rae1 b6 12. h3 Nd4 13. Nd1 Nxf3+ 14. Bxf3 Bb7 15. c3 f5 16. Kh2 Rae8 17. Bg1 Nc6 18. d4 fxe4 19. Bxe4 Nd8 20. dxc5 dxc5 21. Nf2 e5 22. Bxb7 Qxb7 23. fxe5 Bxe5 1/2-1/2

[Event "Madrid-ch sf-B"]
[Site "Madrid"]
[Date "2012.03.30"]
[Round "4"]
[White "Herranz Sanchez, Pablo"]
[Black "Arjona Martinez, Santiago"]
[Result "1/2-1/2"]
[WhiteElo "1661"]
[BlackElo "2062"]
[PlyCount "112"]
[EventDate "2012.03.22"]
[EventType "swiss"]
[EventRounds "9"]
[EventCountry "ESP"]
[SourceTitle "EXT 2013"]
[Source "ChessBase"]
[SourceDate "2012.11.22"]
[SourceVersion "1"]
[SourceVersionDate "2012.11.22"]
[SourceQuality "1"]

1. e4 c5 2. Nf3 d6 3. d4 cxd4 4. Nxd4 Nf6 5. Nc3 a6 6. Be3 Ng4 7. Bg5 h6 8. Bh4 g5 9. Bg3 Bg7 10. h3 Ne5 11. Be2 Nbc6 12. Nb3 Ng6 13. 0-0 Be5 14. Bxe5 Ncxe5 15. Nd5 e6 16. Ne3 0-0 17. Ng4 Nxg4 18. Bxg4 b5 19. Nd4 Qb6 20. Ne2 Bb7 21. Ng3 Nf4 22. Bf3 Rad8 23. c3 d5 24. exd5 Bxd5 25. Bxd5 Rxd5 26. Qc2 f5 27. Rad1 Qc6 28. Rxd5 Qxd5 29. f3 Rd8 30. Ne2 Qc5+ 31. Kh2 Qe3 32. Nd4 Nd5 33. Qf2 Qe5+ 34. Kg1 Ne3 35. Re1 f4 36. Nc6 Qd6 37. Nxd8 Qxd8 38. Kh2 Qd5 39. a3 Qd6 40. Re2 Qd1 41. Qe1 Qb3 42. Kg1 Kg7 43. Qd2 Qa2 44. Kf2 Qb1 45. Re1 Qa2 46. g3 e5 47. gxf4 exf4 48. Rg1 Qe6 49. Qd4+ Kf7 50. Rh1 Qa2 51. Qd2 Qe6 52. h4 g4 53. Qd4 g3+ 54. Kg1 Nd5 55. Kf1 Ne3+ 56. Kg1 Nd5 1/2-1/2

[Event "Madrid-ch prel-B"]
[Site "Madrid"]
[Date "2012.02.24"]
[Round "8.5"]
[White "Herranz Sanchez, Pablo"]
[Black "Ruiz Quevedo, Andres"]
[Result "1-0"]
[WhiteElo "1661"]
[BlackElo "1930"]
[PlyCount "131"]
[EventDate "2012.02.02"]
[EventType "swiss"]
[EventRounds "9"]
[EventCountry "ESP"]
[SourceTitle "EXT 2024"]
[Source "ChessBase"]
[SourceDate "2023.10.10"]
[SourceVersion "1"]
[SourceVersionDate "2023.10.10"]
[SourceQuality "1"]

1. e4 d5 2. exd5 Qxd5 3. Nc3 Qa5 4. d4 Nf6 5. Bd3 c6 6. Nf3 Bg4 7. h3 Bh5 8. 0-0 e6 9. Be3 Be7 10. Ne4 Nbd7 11. Ng3 Bg6 12. Bxg6 hxg6 13. Re1 0-0 14. Bf4 Rfd8 15. c3 Nd5 16. Bg5 Bxg5 17. Nxg5 b5 18. Qg4 N5f6 19. Qf3 b4 20. N3e4 bxc3 21. bxc3 Nxe4 22. Qxf7+ Kh8 23. Nxe4 Qf5 24. Qxf5 exf5 25. Ng5 Kg8 26. Re7 Nf8 27. Ne6 Nxe6 28. Rxe6 c5 29. dxc5 Rd3 30. Rxg6 Rc8 31. Rb1 Rc7 32. Rg5 Rxc3 33. Rxf5 Rc2 34. a4 Rc4 35. Ra1 g6 36. Rd5 Kf7 37. Rad1 Rxa4 38. Rd7+ Rxd7 39. Rxd7+ Ke6 40. Rg7 Kf6 41. Rb7 Ra1+ 42. Kh2 a5 43. Rb6+ Kf5 44. g4+ Kg5 45. c6 Rc1 46. Rb5+ Kf4 47. Rxa5 Rxc6 48. Kg2 Rc3 49. Ra4+ Kg5 50. Ra8 Rc2 51. Kg3 Rc1 52. Ra5+ Kh6 53. h4 Rg1+ 54. Kf3 Rh1 55. h5 gxh5 56. Rxh5+ Rxh5 57. gxh5 Kxh5 58. Kf4 Kh6 59. Kf5 Kg7 60. Ke6 Kf8 61. Kf6 Ke8 62. Kg7 Ke7 63. f4 Ke6 64. Kg6 Ke7 65. f5 Kf8 66. Kf6 1-0

[Event "Madrid-ch prel-B"]
[Site "Madrid"]
[Date "2012.02.04"]
[Round "3.10"]
[White "Herranz Sanchez, Pablo"]
[Black "Rodriguez del Pino, Daniel"]
[Result "1/2-1/2"]
[WhiteElo "1661"]
[BlackElo "1913"]
[PlyCount "51"]
[EventDate "2012.02.02"]
[EventType "swiss"]
[EventRounds "9"]
[EventCountry "ESP"]
[SourceTitle "EXT 2024"]
[Source "ChessBase"]
[SourceDate "2023.10.10"]
[SourceVersion "1"]
[SourceVersionDate "2023.10.10"]
[SourceQuality "1"]

1. e4 c5 2. Nf3 d6 3. d4 cxd4 4. Nxd4 Nf6 5. Nc3 a6 6. Be2 e6 7. Be3 Be7 8. Qd2 0-0 9. f3 Qc7 10. 0-0-0 b5 11. g4 b4 12. Nb1 e5 13. Nf5 Bxf5 14. gxf5 Rc8 15. Rdg1 Nbd7 16. Bd3 Nc5 17. Rg2 b3 18. a3 bxc2 19. Bxc5 cxb1Q+ 20. Kxb1 dxc5 21. Qh6 Bf8 22. Qxf6 Qc6 23. Qxe5 c4 24. Rc1 Qb5 25. Qxb5 axb5 26. Be2 1/2-1/2

[Event "Madrid-ch prel-B"]
[Site "Madrid"]
[Date "2012.02.03"]
[Round "2.18"]
[White "Martin Rodriguez, Jose Luis"]
[Black "Herranz Sanchez, Pablo"]
[Result "0-1"]
[WhiteElo "1463"]
[BlackElo "1661"]
[PlyCount "56"]
[EventDate "2012.02.02"]
[EventType "swiss"]
[EventRounds "9"]
[EventCountry "ESP"]
[SourceTitle "EXT 2024"]
[Source "ChessBase"]
[SourceDate "2023.10.10"]
[SourceVersion "1"]
[SourceVersionDate "2023.10.10"]
[SourceQuality "1"]

1. e4 c5 2. Nf3 e6 3. d4 cxd4 4. Nxd4 Nf6 5. Nc3 Nc6 6. Be3 a6 7. Nxc6 bxc6 8. f3 Rb8 9. Rb1 Be7 10. Bc4 0-0 11. 0-0 d5 12. Bb3 Bb7 13. e5 Nd7 14. f4 f6 15. Qg4 f5 16. Qh5 c5 17. a3 d4 18. Bxe6+ Kh8 19. Bxf5 Rxf5 20. Qxf5 Bc8 21. e6 Nf8 22. Rfd1 Bxe6 23. Qd3 dxe3 24. Qxd8 Rxd8 25. Rxd8 Bxd8 26. Rd1 Bc7 27. g3 Kg8 28. Nd5 e2 0-1

[Event "Tres Cantos op 3rd"]
[Site "Tres Cantos"]
[Date "2011.06.30"]
[Round "9"]
[White "Herranz Sanchez, Pablo"]
[Black "Del Campo Lobo, Joaquin"]
[Result "1/2-1/2"]
[WhiteElo "1699"]
[BlackElo "1609"]
[PlyCount "88"]
[EventDate "2011.06.22"]
[EventType "swiss"]
[EventRounds "9"]
[EventCountry "ESP"]
[SourceTitle "EXT 2012"]
[Source "ChessBase"]
[SourceDate "2011.11.24"]
[SourceVersion "1"]
[SourceVersionDate "2011.11.24"]
[SourceQuality "1"]

1. e4 e6 2. d4 d5 3. exd5 exd5 4. Bd3 Nc6 5. c3 Nf6 6. Bg5 Be7 7. Nf3 Bg4 8. Nbd2 0-0 9. 0-0 h6 10. Bh4 Nd7 11. Bxe7 Qxe7 12. Qc2 Nf6 13. h3 Be6 14. Rfe1 Qd7 15. Kh2 Rfe8 16. Re3 Ne7 17. Ne5 Qd6 18. Rae1 Nd7 19. Kg1 Nxe5 20. dxe5 Qd7 21. f4 Bf5 22. Bxf5 Qxf5 23. Qxf5 Nxf5 24. Rd3 c6 25. Nf3 Rad8 26. Nd4 Nxd4 27. cxd4 g6 28. g4 f5 29. Kf2 Kf7 30. gxf5 gxf5 31. Rg1 Rg8 32. Rdg3 Rxg3 33. Rxg3 Rg8 34. Rxg8 Kxg8 35. h4 h5 36. Ke3 Kf7 37. Kd3 Ke6 38. Kc3 b6 39. Kb4 a6 40. a3 Ke7 41. b3 Ke6 42. a4 a5+ 43. Kc3 c5 44. Kd3 Kd7 1/2-1/2

[Event "Tres Cantos op 3rd"]
[Site "Tres Cantos"]
[Date "2011.06.22"]
[Round "1"]
[White "Hernando Pertierra, Jose Carlos"]
[Black "Herranz Sanchez, Pablo"]
[Result "1-0"]
[WhiteElo "2397"]
[BlackElo "1699"]
[PlyCount "100"]
[EventDate "2011.06.22"]
[EventType "swiss"]
[EventRounds "9"]
[EventCountry "ESP"]
[SourceTitle "EXT 2012"]
[Source "ChessBase"]
[SourceDate "2011.11.24"]
[SourceVersion "1"]
[SourceVersionDate "2011.11.24"]
[SourceQuality "1"]

1. Nf3 c5 2. b3 Nc6 3. Bb2 e6 4. e3 Nf6 5. Bb5 Be7 6. 0-0 0-0 7. Bxc6 bxc6 8. d3 d6 9. Nbd2 e5 10. h3 h6 11. a3 Qc7 12. Nc4 Re8 13. Qd2 e4 14. dxe4 Nxe4 15. Qa5 Qb8 16. Qa4 Qb5 17. Qxb5 cxb5 18. Ncd2 Bb7 19. Rfd1 Rad8 20. a4 Nxd2 21. Nxd2 bxa4 22. Rxa4 a6 23. b4 Rd7 24. Nc4 cxb4 25. Bd4 Rc7 26. Na5 Be4 27. Rxb4 Bxc2 28. Rc1 Rec8 29. Bb6 Rc3 30. Bd4 R3c7 31. Rb6 Bd3 32. Rxc7 Rxc7 33. Nc6 Bf8 34. Nb4 Bb5 35. Nxa6 Bxa6 36. Rxa6 d5 37. Ra8 f6 38. Rd8 Rc6 39. Rxd5 Rd6 40. Rb5 Rd7 41. g4 Kf7 42. Kg2 Be7 43. h4 Rc7 44. h5 Bd6 45. f4 Rd7 46. Kf3 Be7 47. Ke4 Rd8 48. Rb7 Re8 49. Bc5 Kf8 50. Rxe7 Rxe7+ 1-0